Movies Quiz

Random Movies Quiz

Storyboard - Harry Potter and the Goblet of Fire Quiz Stats

 Plays Quiz not verified by Sporcle

Score 0/12 Timer 03:00
0 Plays Today
% Correct
???
87.9%
???
82.2%
???
80.3%
???
72.6%
???
71.3%
???
70.1%
???
70.1%
???
69.4%
???
68.8%
???
68.2%
???
67.5%
???
37.6%

You're not logged in!

Compare scores with friends on all Sporcle quizzes.
Join for Free
OR
Log In

You Might Also Like...

Show Comments

Extras

Created May 11, 2016ReportNominate
Tags:fury, mad, max, order, road, scene

Top Quizzes Today


Score Distribution

Your Account Isn't Verified!

In order to create a playlist on Sporcle, you need to verify the email address you used during registration. Go to your Sporcle Settings to finish the process.

Report this User

Report this user for behavior that violates our Community Guidelines.

Details: